Normal view
MARC view
Entry Topical Term
001 - CONTROL NUMBER
- control field: 36991
003 - CONTROL NUMBER IDENTIFIER
- control field: dpl
005 - DATE AND TIME OF LATEST TRANSACTION
- control field: 20111215160403.0
008 - FIXED-LENGTH DATA ELEMENTS
- fixed length control field: 111215|||a|||||| | ||| d
040 ## - CATALOGING SOURCE
- Original cataloging agency: dpl
- Transcribing agency: dpl
150 ## - HEADING--TOPICAL TERM
- Topical term or geographic name as entry element: Marthi Fiction
670 ## - SOURCE DATA FOUND
- Source citation: Work cat.: (dpl): 36528 शुभांगी गान, तेथे कर माझे जुळती /, 2011
670 ## - SOURCE DATA FOUND
- Source citation: Work cat.: (dpl): 36528 शुभांगी गान, तेथे कर माझे जुळती /, 2011
